Capitals Closest to an Unknown Capital by Letter #3 - Statistics

General Stats
  • This quiz has been taken 54 times
  • The average score is 16 of 25
Answer Stats
Letter Capital % Correct
W Washington D.C
93%
O Ottawa
89%
Q Quito
83%
H Havana
76%
Unknown Capital: Kingston
76%
K Kingstown
76%
L Lima
76%
C Caracas
74%
Z Zagreb
74%
G Guatemala City
72%
P Port-au-Prince
72%
A Asunción
70%
S Santo Domingo
67%
B Belmopan
65%
N Nassau
63%
R Roseau
61%
U Ulaanbaatar
61%
F Freetown
59%
M Managua
59%
I Islamabad
54%
D Dakar
52%
T Tegucigalpa
48%
J Juba
43%
V Vaduz
37%
Y Yamoussoukro
35%
No matching quizzes found
Score Distribution
Percent of People with Each Score
Percentile by Number Answered
Your Score History
You have not taken this quiz